000 00577nam a2200193 a 4500
001 9853
003 CO-ViMGA
008 141112s2004 ck r 000 u spa d
020 _a2881450660
040 _aCO-ViMGA
_bspa
_cCO-ViMGA
082 0 4 _a341.65 C553c
110 _aCOMITE INTERNACIONAL DE LA CRUZ ROJA
_911776
245 1 0 _aLos Convenios de Ginebra del 12 de Agosto de 1949
260 _aGinebra :
_bComite Internacional de la Cruz Roja,
_c1986
300 _a215p.
650 1 4 _aDERECHO INTERNACIONAL
_955101
650 1 4 _aPRISIONEROS DE GUERRA
_911777
942 _2ddc
_cBK
999 _c21235
_d21235